000
00264nam a2200109Ia 4500
008
200302s9999 xx 000 0 und d
100
_a
George Michell & Other
245
_a
New Australian Style
260
_b
Chronicle Books Ltd.
260
_c
1999
300
_a
208 P.,
999
_c
1569
_d
1569